1844 1417 1556 1821 1703 1243 1534 1605 1309 1817 1275 1535 1592 1796 1513 1027 1936 1037 1980 1479 1473 1248 1161 1640 1261 1221 1363 1794 1069 1501 1836 1938 1974 1262 1833 1635 1462 1313 1737 1093 1409 1534 1071 1727 1918 1722 1757 1524 1635 1682 1526 1773 1201 1611 1038 1936 1019 1219 1798 1230 1174 1468 1612 1661 1778 1713 1660 1291 1573 1799 1606 1058 1203 1715 1224 1716 1898 1329 1175 1755 1332 1256 1955 1853 1448 1138 1385 1680 1473 1589 1340 1095 1489 1747 1414 1617 1970 1738 1419 BCNSPRNW ULIB Ver.6.0+V

เปลี่ยนเป็นภาษาไทย

Change to English
 แสดงรายละเอียดบรรณานุกรม
  กลับหน้าหลัก

Brief Record : Get Marc (ISO 2709) : E-mail record : QR code < ปิดหน้าต่าง
LEADER : 00000nam 2200000uu 4500
001    13399126035
003     ULIB
008    180507s2559||||th 000 0 tha d
020    ^a9786162712968
040    ^abcn
060 04 ^aWS100^bป361ก ล.1
245 00 ^aกุมารเวชศาสตร์ เล่ม 1=^bPediatrics /^cบรรณาธิการ,ประยงค์ เวชวนิชสนอง และ วนพร อนันตเสรี
246 31 ^aPediatrics
250    ^aพิมพ์ครั้งที่ 3.
260    ^aสงขลา :^bภาควิชากุมารเวชศาสตร์ คณะแพทยศาสตร์ มหาวิทยาลัยสงขลานครินทร์^c2559.
300    ^aเล่ม 1 :^bภาพประกอบ ;^c27 ซม.
650  4 ^aกุมารเวชศาสตร์
650  4 ^aเด็ก, โรค^xการรักษา
700 0  ^aประยงค์ เวชวนิชสนอง,^eบรรณาธิการ
700 0  ^aวนพร อนันตเสรี,^eบรรณาธิการ
710 2  ^aมหาวิทยาลัยสงขลานครินทร์. ^bคณะแพทยศาสตร์.^bภาควิชากุมารเวชศาสตร์.
945    ^p580^l0^i25783
945    ^p580^l0^i25784
945    ^p580^l0^i25785
945    ^p580^l0^i25786
945    ^p580^l0^i25787
999    ^aกัณชพร
รายการนี้ยังไม่มีแท็ก
คุณยังไม่ได้ล็อกอิน คุณสามารถมีกิจกรรมร่วมกับเว็บไซต์ได้ แต่ต้องล็อกอินก่อน ::
  ล็อกอิน

รายการสื่อสารสนเทศ

ลำดับที่ ประเภท เลขเรียก/บาร์โค้ด สถานที่ สถานะ
1. หนังสือสำรอง
หนังสือสำรอง
WS100 ป361ก ล.1 ฉ.1 
  Barcode: 25783
ห้องสมุดวิทยาเขตสวรรค์ประชารักษ์
►หนังสือทั่วไป
บนชั้น
2. วิทยาศาสตร์การแพทย์ และสุขภาพ
วิทยาศาสตร์การแพทย์ และสุขภาพ
WS100 ป361ก ล.1 ฉ.2 
  Barcode: 25784
ห้องสมุดวิทยาเขตสวรรค์ประชารักษ์
►หนังสือทั่วไป
บนชั้น
3. วิทยาศาสตร์การแพทย์ และสุขภาพ
วิทยาศาสตร์การแพทย์ และสุขภาพ
WS100 ป361ก ล.1 ฉ.3 
  Barcode: 25785
ห้องสมุดวิทยาเขตสวรรค์ประชารักษ์
►หนังสือทั่วไป
บนชั้น
4. วิทยาศาสตร์การแพทย์ และสุขภาพ
วิทยาศาสตร์การแพทย์ และสุขภาพ
WS100 ป361ก ล.1 ฉ.4 
  Barcode: 25786
ห้องสมุดวิทยาเขตสวรรค์ประชารักษ์
►หนังสือทั่วไป
บนชั้น
5. วิทยาศาสตร์การแพทย์ และสุขภาพ
วิทยาศาสตร์การแพทย์ และสุขภาพ
WS100 ป361ก ล.1 ฉ.5 
  Barcode: 25787
ห้องสมุดวิทยาเขตสวรรค์ประชารักษ์
►หนังสือทั่วไป
บนชั้น

รายการใกล้เคียง
    หัวเรื่อง [กุมารเวชศาสตร์]

BibComment


ยังไม่เคยถูกคอมเมนท์

คอมเมนท์ทรัพยากรรายการนี้
  คอมเมนท์: กุมารเวชศาสตร์ เ..


 Copyright 2026. Bcnsprnw @Library